[Event "AUT-chT2O 1516"]
[Site "Austria"]
[Date "2016.03.06"]
[Round "8.6"]
[White "Morgunov, Marc"]
[Black "Hudec, Marcus"]
[Result "0-1"]
[WhiteElo "1886"]
[BlackElo "2041"]
[PlyCount "66"]
[EventDate "2015.10.17"]
[EventType "team-tourn"]
[EventRounds "11"]
[EventCountry "AUT"]
[SourceTitle "EXT 2017"]
[Source "ChessBase"]
[SourceDate "2016.10.25"]
[SourceVersion "1"]
[SourceVersionDate "2016.10.25"]
[SourceQuality "1"]
[WhiteTeam "Tschaturanga"]
[BlackTeam "Pressbaum"]
[WhiteTeamCountry "AUT"]
[BlackTeamCountry "AUT"]

1. e4 c5 2. Nc3 Nc6 3. f4 e6 4. Nf3 g6 5. Bc4 Bg7 6. f5 Nge7 7. fxe6 dxe6 8. d3 0-0 9. 0-0 h6 10. Qe1 Nd4 11. Nxd4 cxd4 12. Ne2 Nc6 13. Kh1 Na5 14. b3 a6 15. a4 Bd7 16. Bd2 Nxc4 17. bxc4 e5 18. a5 f5 19. exf5 gxf5 20. Rb1 Bc6 21. Ng3 Qd7 22. Bb4 Rf7 23. Rd1 Re8 24. c3 e4 25. cxd4 exd3 26. Qd2 Qxd4 27. Rxf5 Rxf5 28. Nxf5 Qg4 29. Ne7+ Rxe7 30. Bxe7 Bxg2+ 31. Qxg2 Qxd1+ 32. Qg1 Qxg1+ 33. Kxg1 d2 0-1

[Event "AUT-chT2O 0809"]
[Site "Austria"]
[Date "2008.10.05"]
[Round "3.6"]
[White "Hudec, Marcus"]
[Black "Batyte, Daiva"]
[Result "0-1"]
[WhiteElo "2064"]
[BlackElo "2142"]
[PlyCount "102"]
[EventDate "2008.10.03"]
[EventType "team-tourn"]
[EventRounds "11"]
[EventCountry "AUT"]
[SourceTitle "EXT 2009"]
[Source "ChessBase"]
[SourceDate "2008.11.26"]
[SourceVersion "1"]
[SourceVersionDate "2008.11.26"]
[SourceQuality "1"]
[WhiteTeam "Eichgraben"]
[BlackTeam "Stockerau"]
[WhiteTeamCountry "AUT"]
[BlackTeamCountry "AUT"]

1. Nf3 Nf6 2. g3 g6 3. Bg2 Bg7 4. c4 c5 5. Nc3 Nc6 6. d3 0-0 7. e4 d6 8. h3 a6 9. 0-0 Rb8 10. a4 Bd7 11. Bg5 b6 12. Qd2 Nd4 13. Nxd4 cxd4 14. Nd5 e6 15. Nxf6+ Bxf6 16. Bh6 Bg7 17. Bxg7 Kxg7 18. f4 e5 19. f5 f6 20. h4 gxf5 21. Rxf5 Bxf5 22. exf5 Qd7 23. Rf1 Qxa4 24. g4 Qe8 25. Bd5 Kh8 26. Rf2 Rc8 27. Qb4 Qd8 28. Rg2 Rc7 29. Qxb6 Rxc4 30. Qxa6 Rc1+ 31. Kh2 Qc7 32. b4 Rb1 33. b5 Qc5 34. Bc6 e4 35. Bxe4 Qe5+ 36. Rg3 Re1 37. Kh3 Re3 38. Rxe3 dxe3 39. Qa2 Qf4 40. Qe2 Rb8 41. Qc2 Qf1+ 42. Bg2 e2 43. Qc7 Rf8 44. Qe7 Kg8 45. Kh2 Qf4+ 46. Kh3 Qe5 47. Bd5+ Qxd5 48. Qxe2 Qxb5 49. Qe6+ Kg7 50. Qxd6 Qe5 51. Qa6 Qe3+ 0-1

[Event "Vienna op-A 15th"]
[Site "Vienna"]
[Date "2006.08.04"]
[Round "7"]
[White "Hudec, Marcus"]
[Black "Exler, Veronika"]
[Result "1-0"]
[WhiteElo "2055"]
[BlackElo "1954"]
[PlyCount "85"]
[EventDate "2006.07.29"]
[EventType "swiss"]
[EventRounds "9"]
[EventCountry "AUT"]
[SourceTitle "CBM 113 Extra"]
[Source "ChessBase"]
[SourceDate "2006.09.14"]
[SourceVersion "1"]
[SourceVersionDate "2006.09.14"]
[SourceQuality "1"]

1. Nf3 d5 2. d3 Nf6 3. g3 c5 4. Bg2 Nc6 5. 0-0 Bf5 6. a4 e6 7. Nc3 Be7 8. Bd2 0-0 9. Nh4 Bg4 10. h3 Bh5 11. Nf3 Bg6 12. Re1 Qd7 13. Nh4 Bh5 14. Qc1 Rfd8 15. Nf3 Bg6 16. Nd1 Rac8 17. Bf4 Bd6 18. Nh4 Bxf4 19. Qxf4 Qd6 20. Nxg6 hxg6 21. Qxd6 Rxd6 22. Ne3 Nd4 23. c3 Nf5 24. Ng4 Nxg4 25. hxg4 Ne7 26. f4 Rb6 27. Reb1 c4 28. d4 Nc6 29. e4 Rd8 30. Kf2 Na5 31. Ke3 Rdd6 32. Bf3 f6 33. f5 gxf5 34. gxf5 exf5 35. exf5 Rd8 36. Ra2 Kf7 37. Kf4 g6 38. Rh1 Kg7 39. fxg6 Kxg6 40. b4 cxb3 41. Rah2 b2 42. Rh7 b1Q 43. R1h6# 1-0

[Event "Vienna op-A 15th"]
[Site "Vienna"]
[Date "2006.07.31"]
[Round "3"]
[White "Hudec, Marcus"]
[Black "Wilke, Werner"]
[Result "1/2-1/2"]
[WhiteElo "2055"]
[BlackElo "2212"]
[PlyCount "142"]
[EventDate "2006.07.29"]
[EventType "swiss"]
[EventRounds "9"]
[EventCountry "AUT"]
[SourceTitle "CBM 113 Extra"]
[Source "ChessBase"]
[SourceDate "2006.09.14"]
[SourceVersion "1"]
[SourceVersionDate "2006.09.14"]
[SourceQuality "1"]

1. e4 g6 2. d4 Bg7 3. Nc3 c6 4. f4 d5 5. e5 h5 6. Nf3 Nh6 7. Be3 Bg4 8. Be2 Bxf3 9. Bxf3 e6 10. Qd2 Nd7 11. Nd1 Rc8 12. 0-0 Nf5 13. Bf2 Bf8 14. Ne3 Nxe3 15. Qxe3 c5 16. c3 Be7 17. Kh1 Qa5 18. Qe2 cxd4 19. cxd4 Nb8 20. f5 gxf5 21. Bxh5 Bg5 22. Rad1 Qc7 23. g4 Qc2 24. gxf5 Qxe2 25. Bxe2 Rc2 26. Bg4 Ke7 27. Bg1 Rxb2 28. Rb1 Rxb1 29. Rxb1 b6 30. Rb3 Nc6 31. Rc3 Kd7 32. fxe6+ fxe6 33. Bxe6+ Kxe6 34. Rxc6+ Kf5 35. Rd6 Ke4 36. Rd7 a5 37. a4 Rc8 38. e6 Rc6 39. Rg7 Bf6 40. Rg6 Rxe6 41. h4 Kf5 42. h5 Re4 43. Kg2 Rh4 44. Rh6 Rg4+ 45. Kf1 Rf4+ 46. Kg2 Ke4 47. Bh2 Rf5 48. Bg1 Rg5+ 49. Kf1 Kf5 50. Rh7 Kg4 51. Rb7 Kxh5 52. Be3 Rg3 53. Kf2 Rg6 54. Kf3 Bg7 55. Rd7 Rf6+ 56. Ke2 Bh6 57. Rxd5+ Kg6 58. Bxh6 Kxh6 59. Kd3 Kg6 60. Ke4 Rf1 61. Rd6+ Kf7 62. Rxb6 Ra1 63. Ke5 Rxa4 64. Rb7+ Ke8 65. d5 Ra1 66. Kd6 a4 67. Rb8+ Kf7 68. Kd7 a3 69. Ra8 a2 70. d6 Kf6 71. Kd8 Kf7 1/2-1/2

[Event "AUT-chT2O 0203"]
[Site "Austria"]
[Date "2003.01.26"]
[Round "7.6"]
[White "Hudec, Marcus"]
[Black "Steiner, Johann"]
[Result "1-0"]
[WhiteElo "1959"]
[BlackElo "2070"]
[PlyCount "59"]
[EventDate "2002.10.25"]
[EventType "team-tourn"]
[EventRounds "11"]
[EventCountry "AUT"]
[SourceTitle "EXT 2020"]
[Source "ChessBase"]
[SourceDate "2019.10.17"]
[SourceVersion "1"]
[SourceVersionDate "2019.10.17"]
[SourceQuality "1"]
[WhiteTeam "Eichgraben/Pressbaum"]
[BlackTeam "Wien Austria"]
[WhiteTeamCountry "AUT"]
[BlackTeamCountry "AUT"]

1. e4 d5 2. exd5 Qxd5 3. Nc3 Qa5 4. b4 Qxb4 5. Rb1 Qd6 6. Nf3 c6 7. d4 Nf6 8. Bd3 e6 9. Rb3 Be7 10. 0-0 b6 11. Ne2 0-0 12. c4 c5 13. Bf4 Qd8 14. Be5 Nbd7 15. Qc2 Bb7 16. Ng5 h6 17. Bh7+ Kh8 18. Rh3 Nxe5 19. dxe5 Ng4 20. Bg8 f5 21. exf6 Nxf6 22. Bxe6 Qe8 23. Ng3 g6 24. Rxh6+ Kg7 25. Nf7 Ne4 26. Nxe4 Rxf7 27. Rxg6+ Kxg6 28. Nd6+ Kf6 29. Qf5+ Kg7 30. Nxe8+ 1-0

[Event "AUT-chT2O 0203"]
[Site "Austria"]
[Date "2002.11.24"]
[Round "5.6"]
[White "Hudec, Marcus"]
[Black "Bandy, Attila"]
[Result "1/2-1/2"]
[WhiteElo "1959"]
[BlackElo "2208"]
[PlyCount "85"]
[EventDate "2002.10.25"]
[EventType "team-tourn"]
[EventRounds "11"]
[EventCountry "AUT"]
[SourceTitle "EXT 2020"]
[Source "ChessBase"]
[SourceDate "2019.10.17"]
[SourceVersion "1"]
[SourceVersionDate "2019.10.17"]
[SourceQuality "1"]
[WhiteTeam "Eichgraben/Pressbaum"]
[BlackTeam "Baden EBV"]
[WhiteTeamCountry "AUT"]
[BlackTeamCountry "AUT"]

1. e4 d5 2. exd5 Qxd5 3. Nc3 Qa5 4. b4 Qxb4 5. Rb1 Qd6 6. Nf3 c6 7. d4 Nf6 8. Bd3 e6 9. 0-0 Be7 10. Re1 0-0 11. Ne5 Rd8 12. Be3 Nbd7 13. Rb3 a6 14. f4 c5 15. dxc5 Nxc5 16. Bxc5 Qxc5+ 17. Kh1 b5 18. Qf3 Rb8 19. Ne4 Nxe4 20. Bxe4 f5 21. Qh5 Rf8 22. Rh3 h6 23. Bd3 Bf6 24. Rhe3 Bxe5 25. Rxe5 Qb4 26. Rf1 Qa4 27. h3 Bd7 28. g4 Rbd8 29. gxf5 exf5 30. Re7 Bc6+ 31. Kh2 Rd7 32. Re8 Rdf7 33. Rxf8+ Rxf8 34. Bxf5 Qd4 35. Qg6 Qd2+ 36. Kg3 Qg2+ 37. Kh4 Rxf5 38. Qxf5 Qxf1 39. Qe6+ Kf8 40. Qd6+ Kf7 41. Qc7+ Kg8 42. Qc8+ Kh7 43. Qf5+ 1/2-1/2

[Event "AUT-chT2O 0203"]
[Site "Austria"]
[Date "2002.10.26"]
[Round "2.6"]
[White "Wutzlhofer, Robert"]
[Black "Hudec, Marcus"]
[Result "1/2-1/2"]
[WhiteElo "2134"]
[BlackElo "1959"]
[PlyCount "103"]
[EventDate "2002.10.25"]
[EventType "team-tourn"]
[EventRounds "11"]
[EventCountry "AUT"]
[SourceTitle "EXT 2020"]
[Source "ChessBase"]
[SourceDate "2019.10.17"]
[SourceVersion "1"]
[SourceVersionDate "2019.10.17"]
[SourceQuality "1"]
[WhiteTeam "Mattersburg"]
[BlackTeam "Eichgraben/Pressbaum"]
[WhiteTeamCountry "AUT"]
[BlackTeamCountry "AUT"]

1. d4 Nf6 2. c4 e6 3. Nc3 b6 4. e4 Bb4 5. f3 Bxc3+ 6. bxc3 d6 7. Bd3 Bb7 8. Ne2 0-0 9. 0-0 e5 10. Ng3 Nc6 11. d5 Ne7 12. Bg5 Nd7 13. Be3 Nc5 14. Bc2 Qd7 15. f4 f6 16. a4 a5 17. f5 Ba6 18. Qe2 Qe8 19. h4 Rd8 20. Rf2 c6 21. dxc6 Qxc6 22. Nh5 Rf7 23. Qg4 Kh8 24. Ng3 Bxc4 25. Rd2 Nb3 26. Bxb3 Bxb3 27. Rb1 Qxc3 28. Bxb6 Rb8 29. Rxd6 Rxb6 30. Rxb6 Qd4+ 31. Kh2 Qxb6 32. Qf3 Rf8 33. Qxb3 Qd4 34. Qe6 Ng8 35. Qc6 Nh6 36. Kh3 Qd2 37. Qc1 Qd4 38. Rb7 Qxa4 39. Qc7 Rg8 40. Rb8 Qa3 41. Rxg8+ Nxg8 42. Kh2 a4 43. Qd7 g6 44. fxg6 hxg6 45. h5 gxh5 46. Nf5 Qf8 47. Qxa4 Nh6 48. Ne3 f5 49. exf5 Nxf5 50. Qe4 Nxe3 51. Qxe5+ Qg7 52. Qxe3 1/2-1/2